Statistics for WW2 Quiz Updated

Click here to take the quiz!

General Stats

  • This quiz has been taken 11 times
  • The average score is 21 of 24

Answers on the Map

Answers color-coded by a green-red scale on the quiz's map according to % correct below.
 

Answer Stats

Answer% Correct
Japan
100%
Russia
100%
algeria
86%
australia
86%
Austria
86%
Canada
86%
china
86%
croatia
86%
Czechia
86%
Egypt
86%
france
86%
Germany
86%
greece
86%
Iceland
86%
italy
86%
new zealand
86%
Serbia
86%
Slovakia
86%
Thailand
86%
tunisia
86%
uk
86%
United states
86%
Bosnia and Herzegovina
71%
libya
71%

Score Distribution

Percentile by Number Answered

Percent of People with Each Score

Your Score History

You have not taken this quiz